Responses for Show #4805 - Friday, June 24, 2005

Contestants

[<< previous game]

Morgan Chase, a mathematics educator originally from Antrim, New Hampshire

Steve Clark, a training manager from Rochester Hills, Michigan

Brandy Shattuck, a medical student originally from Newaygo, Michigan (whose 1-day cash winnings total $6,801)

[next game >>]

Jeopardy! Round responses

PRESIDENTS & BASEBALL
SANDWICHES
SYMPTOMS OF AFFLUENZA
E____E
(Alex: Each correct response will begin and end with the letter E.)
ASTRONAUTS
THE FRANK LLOYD WRIGHT STUFF
    $200 4
FDR

Morgan
    $200 1
a Dagwood

Steve
    $200 22
(Steve: What's Bentley?)

Rolls-Royce

Steve
Triple Stumper
    $200 8
an envelope

Morgan
    $200 14
Skylab

Morgan
    $200 21
(Steve: What's a bow?)

prow

SteveMorgan
    $400 5
(Steve: What are the Houston Astros?)

the Texas Rangers

SteveMorgan
    $400 2
avocado

Triple Stumper
    $400 23
Cuba

Brandy
    $400 10
an epistle

Steve
    $400 15
the Hubble Space Telescope

Steve
    $400 27
a fireplace

Steve
    $600 6
(Steve: Who is Rush Limbaugh?)
...
(Alex: Remember, we're talking about presidents, and that was one of [*]'s early jobs in broadcasting.)

Ronald Reagan

Steve
Triple Stumper
    $600 3
a hoagie

Morgan
    $600 24
polo

Morgan
    $600 11
an earlobe

Morgan
    $600 16
Alan Shepard

Brandy
    $600 28
fertility

Triple Stumper
    $800 7
(Morgan: Who is Bob Dole?)
...
(Alex: [*] was a president; Bob Dole was not.)
(Morgan: True.)

(Dwight) Eisenhower

SteveMorgan
    $800 18
(Alex: It's classic.)

a grilled American cheese

Triple Stumper
    $800 25
Rhode Island

Morgan
    $800 12
embezzle

Morgan
    $800 17
(Alex: That's the patch for the Apollo 13, so it was [*].)

(1 of) James Lovell, Fred Haise, & Jack Swigert

Triple Stumper
    $800 29
the cruciform

Triple Stumper
    $1,000 9
(Alex: All right. You're the only one with money, in fact, you have $600, however, you could risk $1000.)
(Morgan: I've always wanted to say this, let's make it more than a True Daily Double, and risk $1000.)
(Alex: You haven't always wanted to say that. More more than a True Daily Double?)

the Washington Senators

Morgan
    $1000 19
a Monte Cristo

Steve
    $1000 26
Harry Winston

Morgan
    $1000 13
eliminate

Morgan
    $1000 20
(Alex: He's the one that stayed up there--[*].)

Michael Collins

Triple Stumper
    $1000 30
organic

Steve

Scores at the first commercial break (after clue 15):

Brandy Steve Morgan
$0 $800 $4,200

Scores at the end of the Jeopardy! Round:

Brandy Steve Morgan
$1,000 $2,800 $6,800

Double Jeopardy! Round responses

COMING TO AMERICA
SONG SUNG "BLUE"
SWEET CAROLINA
YOU DON'T BRING ME FLOWERS
I AM I SAID
HELLO AGAIN
(Alex: You have to give me the language in which I say "hello" to you.)
    $400 22
Levi Strauss

Morgan
    $400 1
"Forever In Blue Jeans"

Brandy
    $400 6
the Charleston

Morgan
    $400 21
cones

Morgan
    $400 16
(Morgan: What's a window?)

a camera

SteveMorgan
    $400 7
German

Brandy
    $800 23
(Steve: What is Greece?)
(Brandy: What is Hungary?)

Italy

BrandySteve
Triple Stumper
    $800 2
the summertime blues

Brandy
    $800 12
the Confederate Flag

Steve
    $800 27
Africa

Morgan
    $800 17
Julius Caesar

Steve
    $800 8
Japanese

Morgan
    $1200 24
(Alex: "A little bird"--a part of the clue to draw you to [*].)

Audubon

Triple Stumper
    $1200 3
"Blue Hawaii"

Brandy
    $1200 13
the Carolina Hurricanes

Morgan
    $1200 28
a moss

Morgan
    $4,000 18
(Steve: No idea.)
(Alex: Pick somebody!)

Walt Whitman

Steve
    $1200 9
Chinese

Morgan
    $1600 25
Yo-Yo Ma

Brandy
    $1600 4
"Blue Velvet"

Steve
    $1600 14
the boll weevil

Morgan
    $1600 29
ferns

Brandy
    $1600 19
(Steve: Who's William Baldwin?)

Langston Hughes

BrandySteve
    $1600 10
Swahili

Brandy
    $2,000 26
Carnegie

Brandy
    $2000 5
(Alex: By The Who, correct.)

"Behind Blue Eyes"

Brandy
    $2000 15
(Steve: Who's Charles?)
(Alex: Which one?)
(Steve: [*].)
(Alex: Right! You got the right one.)

Charles I

Steve
    $2000 30
(Brandy: What is a bonsai?)
...
(Alex: Correct response--what is the [*]? The stinko [*].)

Ginkgo

Brandy
Triple Stumper
    $2000 20
Nietzsche

Brandy
    $2000 11
Greek

Brandy

Scores at the end of the Double Jeopardy! Round:

Brandy Steve Morgan
$15,400 $2,000 $14,400

[wagering suggestions for these scores]

Final Jeopardy! Round responses

RULERS
(Alex: Not this kind--the regal kind.)
(Alex: ...and that's when Austria and Hungary became the Austro-Hungarian Empire.)
SteveWhat is Budapest
$1,999
MorganWhat is Budapest?
$1,017
BrandyWhat is Vienna?
$13,401
Budapest

Final scores:

Brandy Steve Morgan
$1,999 $3,999 $15,417
3rd place: $1,000 2nd place: $2,000 New champion: $15,417

Game dynamics:

Coryat scores:

Brandy Steve Morgan
$15,400 $6,000 $14,400
14 R
(including 1 DD),
2 W
12 R,
7 W
(including 1 DD)
22 R
(including 1 DD),
2 W

Combined Coryat: $35,800

[game clues] [game scores] [suggest correction]

Game tape date: 2004-12-09
The J! Archive is created by fans, for fans. Scraping, republication, monetization, and malicious use prohibited; this site may use cookies and collect identifying information. See terms. The Jeopardy! game show and all elements thereof, including but not limited to copyright and trademark thereto, are the property of Jeopardy Productions, Inc. and are protected under law. This website is not affiliated with, sponsored by, or operated by Jeopardy Productions, Inc. Join the discussion at JBoard.tv.